| 000 | 02603nam a2200445 a 4500 | ||
|---|---|---|---|
| 003 | CHAP | ||
| 005 | 20240830091418.0 | ||
| 007 | ca ||||||a|c|a | ||
| 008 | 101025s2010 mx r 00010 spa d | ||
| 035 | _a111199 | ||
| 040 | _cCHAP | ||
| 090 | _aTesis | ||
| 100 | 0 | 0 |
_aCerón González, Lourdes. _921524 |
| 245 | 1 | 0 |
_aCaracterización de calabaza (Cucurbita spp.) mexicanas como fuente de resistencia al Cucumber mosaic virus (CMV) _c/por Lourdes Cerón González; ditector Clemente Villanueva Verduzco |
| 264 | 1 |
_aChapingo, Méx. : _bEl autor, _c2010. |
|
| 300 |
_a1 recurso en línea (104 páginas): _bCuadros, figuras |
||
| 336 |
_2rdacontent _atexto _btxt |
||
| 337 |
_2rdamedia _acomputadora _bc |
||
| 338 |
_2rdacarrier _arecursos en linea _bcr |
||
| 502 |
_bDCH _cFitotecnia _d2010 _gDOC |
||
| 520 | _aSe analizaron colecciones de cuatro especies de calabaza cultivada (C. argyrosperma Huber, C. pepo L., C. moschata (Duchesne ex Lam.) Duchesne ex Poiret, y C. ficifolia Bouché) con el objetivo de buscar, localizar y caracterizar agronómica y molecularmente (RAPD) germoplasma resistente a Cucumber mosaic virus. El material genético base de esta investigación fue una población de amplia base genética de cada especie, proveniente de colectas que fueron previamente incrementadas y adaptadas a las condiciones de Chapingo durante cuatro ciclos. Se observó un alto porcentaje de resistencia a CMV. La caracterización molecular permitió observar baja variabilidad genética y asociar tres marcadores con la resistencia a CMV: iniciador OPA05 en C. pepo, OPD02 en C. argyrosperma, y OPD18 en C. moschata. Estos genotipos pueden ser usados directamente como variedades en la producción de calabaza o bien como progenitores para el desarrollo de nuevas variedades. | ||
| 590 |
_aALEPH _b10 _c20130110 |
||
| 590 |
_aBATCH-UPD _b10 _c20130110 |
||
| 590 |
_aBATCH-UPD _b10 _c20130410 |
||
| 590 |
_aBATCH-UPD _b10 _c20130914 |
||
| 590 |
_aBATCH-UPD _b10 _c20140324 |
||
| 590 |
_aBATCH-UPD _b10 _c20141002 |
||
| 590 |
_aBATCH _b00 _c20181121 |
||
| 590 |
_aCONVERSION _b10 _c20130109 |
||
| 650 | 0 | 4 |
_aCalabaza _xMéxico. _917285 |
| 650 | 0 | 4 |
_aCalabaza _zEnfermedades por virus. _917305 |
| 700 | 1 |
_aVillanueva Verduzco, Clemente _9119524 _eDirector |
|
| 856 |
_uhttp://10.13.5.2/tesis/111199.pdf _zDESCARGAR PDF |
||
| 901 | _aBK | ||
| 942 |
_cTD _2Clasificación Universidad Autónoma Chapingo |
||
| 949 |
_bBC _cTES _d33724002219496 _eTS1 _gDonaciØn _h51287 _i111199 _sb |
||
| 949 |
_bBC _cTES _d33724002219538 _eTS2 _fc.2 _gDonaciØn _h51288 _i111199 _sb |
||
| 999 |
_c99541 _d99541 |
||